[Event "IRI-ch U14"]
[Site "Chess.com INT"]
[Date "2021.01.16"]
[Round "7"]
[White "Ahankoub, Arta"]
[Black "Ghasemi, Mahdi"]
[Result "0-1"]
[WhiteElo "1423"]
[BlackElo "1129"]
[PlyCount "144"]
[EventDate "2021.01.16"]
[EventType "swiss"]
[EventRounds "11"]
[EventCountry "IRI"]
[SourceTitle "EXT 2022"]
[Source "ChessBase"]
[SourceDate "2021.10.06"]
[SourceVersion "1"]
[SourceVersionDate "2021.10.06"]
[SourceQuality "1"]

1. e4 e5 2. Nf3 Nc6 3. Nc3 f5 4. exf5 Nf6 5. d4 e4 6. Ne5 d5 7. Nxc6 bxc6 8. Be2 Bxf5 9. f3 Bd6 10. fxe4 dxe4 11. 0-0 Qd7 12. Bg5 0-0 13. Bc4+ Be6 14. Bxe6+ Qxe6 15. Bxf6 Rxf6 16. Rxf6 Qxf6 17. Nxe4 Qf4 18. Nxd6 cxd6 19. c3 Rf8 20. Qe2 Qh4 21. Rf1 Rxf1+ 22. Qxf1 h6 23. Qf2 Qe7 24. Kf1 Qb7 25. Ke1 d5 26. Kd1 Kh7 27. Qf5+ g6 28. Qf2 h5 29. Kc2 Qa6 30. Qf7+ Kh6 31. Qf8+ Kg5 32. h4+ Kg4 33. Qf3+ Kxh4 34. g3+ Kh3 35. a3 Qb5 36. g4+ Kh4 37. gxh5 gxh5 38. Qf4+ Kh3 39. Qf5+ Kh4 40. Qf4+ Kh3 41. Qf3+ Kh4 42. b3 a5 43. Qf6+ Kg4 44. Qg6+ Kh4 45. Qg2 a4 46. b4 Qc4 47. Qh2+ Kg4 48. Qg2+ Kh4 49. Qf2+ Kg4 50. Kb2 Qb3+ 51. Kc1 Qxc3+ 52. Kd1 Qa1+ 53. Ke2 Qb2+ 54. Kf1 Qxf2+ 55. Kxf2 h4 56. Ke2 h3 57. Kf1 Kg3 58. Kg1 h2+ 59. Kh1 Kf3 60. Kxh2 Ke4 61. Kg2 Kxd4 62. Kf1 Kc3 63. Ke1 Kc2 64. Ke2 d4 65. b5 d3+ 66. Ke3 d2 67. bxc6 d1Q 68. c7 Qd7 69. Ke2 Qxc7 70. Ke1 Qh2 71. Kf1 Kd3 72. Ke1 Qe2# 0-1